00654pab a2200181 454500008004000000100001800040245012400058260000900182300001300191362001200204650004300216650003500259650001400294773003300308909001000341999001700351952010400368180718b2000 xxu||||| |||| 00| 0 eng d aAnnamalai, V. aThe role of panchayati raj institutions in natural resource management: a study of two village panchayats in Tamil Nadu c2000 ap.475-79 aJul-Sep aNatural resources - India - Tamil Nadu aPanchayat - India - Tamil Nadu aPanchayat aJournal of Rural Development a46781 c46781d46781 00104070aIIPAbIIPAd2018-07-19hVolume no: 19, Issue no: 3pAR47209r2018-07-19w2018-07-19yAR